000 00270nam a2200109Ia 4500
001 1276039
005 20260417160439.0
008 260417s9999 xx 000 0 und d
020 _a9786255929891
245 0 _aAnnemin Arabası
_cLucy Catchpole
260 _bKetebe Çocuk
999 _c1276039
_d1276039